| 000 | 00508nam a22001931a 4500 | ||
|---|---|---|---|
| 001 | 907 | ||
| 003 | OSt | ||
| 005 | 20260204211714.0 | ||
| 008 | 040115s1982||||dr ||||||b||||||||||spa|| | ||
| 050 | _aRD 865.44 G97d | ||
| 082 | _aRD 808.51 G97d | ||
| 100 | _aGuzmán Fernández, Antonio | ||
| 245 | _aDiscursos presidenciales / Antonio Guzmán Fernández | ||
| 264 | _aSanto Domingo : ONAP | ||
| 300 | _a2- Tomos | ||
| 500 | _a | ||
| 650 | _aDiscurso Politico 2.Discursos PresidencialesÌ | ||
| 942 |
_2ddc _cBK |
||
| 999 |
_c907 _d907 |
||